| 000 | 00623nam a2200181 i 4500 | ||
|---|---|---|---|
| 001 | 78360 | ||
| 003 | ES-MaACL | ||
| 005 | 20230906173653.0 | ||
| 007 | t| | ||
| 008 | 041013s1973 sp ||||1| spa d | ||
| 100 | 1 |
_aVon Hagen, Victor Wolfgang. _9115731 |
|
| 245 | 1 | 4 |
_aLos caminos que conducían a Roma / _c[Victor Wolfgang von Hagen ; con fotografías de Adolfo Tomeucci ; traducción de Ramiro Sánchez Sanz]. |
| 260 |
_aBarcelona : _bLabor, _c[1973] |
||
| 300 |
_a288 p. : _bil. ; _c26 cm. |
||
| 700 | 1 |
_aTomeucci, Adolfo. _9110554 |
|
| 700 | 1 |
_aSánchez Sanz, Ramiro. _9102927 |
|
| 852 |
_aES-MaACL _jC-53269 _bR.86312 |
||
| 999 |
_c78360 _d78360 |
||